Tout les Skins d' AWP sur Counter-Strike - Statistiques

Statistiques générales
  • Ce quiz a été pris 124 fois
  • Le résultat moyen est 21 sur 47
Statistiques - réponses
Par images Réponse % Correct
Tradition des Dragons
93%
Asiimov
87%
Dégradé
83%
Iconographie
80%
Ligne Rouge
72%
Wildfire
72%
Gungnir
69%
Neo-Noir
68%
Bête Déchainée
67%
Maillage Safari
66%
BOUM
63%
Mortis
58%
Méduse
57%
Canon Chromé
55%
Hydra du désert
55%
Dieu Ver
53%
Version d'élite
53%
Default
52%
Prince
51%
Atheris
50%
Man-o'-war
49%
Veines
49%
Patte
47%
LongDog
46%
Aberration Chromatique
45%
Graphite
42%
Hallucinations
42%
Dualité
40%
Lion Ensoleillé
38%
Exosquelette
37%
Phobos
35%
Oni Taiji
34%
Brèche de Confinement
32%
Corticera
32%
Crakow!
32%
Ruche Electrique
32%
Rose Numérique
30%
Nid de Vipères
28%
Éclair foudroyant
27%
Nil Noir
24%
Green Energy
23%
AWPop art
18%
Tigre de Soie
15%
Achéron
13%
Quadrichromie
13%
Camouflage Serpent
9%
Arsenic Spill
4%
Aucun quiz correspondant
Distribution des résultats
% des personnes avec chaque résultat
Percentile par nombre de réponses
Votre historique - résultats
Vous n’avez pas pris ce quiz